000 00748nas a22002297a 4500
999 _c88372
_d88372
005 20230523121719.0
006 a|||||r|||| 00| 0
007 ta
008 140905b xxu||||| |||| 00| 0 eng d
022 _a0970-1915
022 _a0974-0422 (Electonic)
245 _aIndian journal of clinical biochemistry :
260 _aMumbai :
_bAssociation of Clinical Biochemists of India
_c2014-
260 _aNew Delhi
_bSpinger India
300 _av.
_c24 cm (Pbk)
310 _aquarterly
362 _avol 3 No 1 March 2014
650 _aClinical biochemistry
856 _uwww.springer.com/12593
270 _aEast Boring Canal Road
_bPatna
_e800001
_k91-612-2521496/2531212
_mkpsacbi@yahoo.co.in / pat_drkps@dataone.in.
942 _2ddc
_cSR
_s1